[Event "Olympiad Women-44"]
[Site "Chennai"]
[Date "2022.08.08"]
[Round "10.1"]
[White "Wickramasinghe, Minethma Lasandi"]
[Black "Rosario Almanzar, Raydili"]
[Result "1-0"]
[WhiteElo "1541"]
[BlackElo "1882"]
[PlyCount "71"]
[EventDate "2022.07.29"]
[EventType "team-swiss"]
[EventRounds "11"]
[EventCountry "IND"]
[SourceTitle "CBM 210"]
[Source "ChessBase"]
[SourceDate "2022.10.31"]
[SourceVersion "1"]
[SourceVersionDate "2022.10.31"]
[SourceQuality "1"]
[WhiteTeam "Sri Lanka (W)"]
[BlackTeam "Dominican Republic (W)"]
[WhiteTeamCountry "SRI"]
[BlackTeamCountry "DOM"]

1. e4 c5 2. Nf3 e6 3. d4 cxd4 4. Nxd4 a6 5. c4 Nf6 6. Nc3 Qc7 7. a3 b6 8. Be3 Bb7 9. f3 Be7 10. Be2 d6 11. 0-0 Nbd7 12. Rc1 0-0 13. b4 Rac8 14. Qd2 Qb8 15. Kh1 h5 16. Bf2 Ne5 17. Na4 Bd8 18. Rfd1 d5 19. exd5 exd5 20. c5 b5 21. Nc3 Bc7 22. Nf5 Ng6 23. Bg3 Bxg3 24. hxg3 Rcd8 25. Bd3 Bc8 26. Nd6 Ne7 27. Bb1 Be6 28. Qg5 Nc8 29. Nxc8 Qxc8 30. Ne2 Rfe8 31. Nf4 Qc7 32. Rd4 a5 33. Bd3 Rb8 34. Kh2 Kf8 35. Nxh5 Nxh5 36. Qxh5 1-0

[Event "Olympiad Women-44"]
[Site "Chennai"]
[Date "2022.08.02"]
[Round "5.1"]
[White "Al Aisaee, Anat"]
[Black "Rosario Almanzar, Raydili"]
[Result "0-1"]
[WhiteElo "1681"]
[BlackElo "1882"]
[PlyCount "106"]
[EventDate "2022.07.29"]
[EventType "team-swiss"]
[EventRounds "11"]
[EventCountry "IND"]
[SourceTitle "CBM 210"]
[Source "ChessBase"]
[SourceDate "2022.10.31"]
[SourceVersion "1"]
[SourceVersionDate "2022.10.31"]
[SourceQuality "1"]
[WhiteTeam "Oman (W)"]
[BlackTeam "Dominican Republic (W)"]
[WhiteTeamCountry "OMN"]
[BlackTeamCountry "DOM"]

1. e4 c5 2. c4 Nc6 3. Nf3 d6 4. d4 cxd4 5. Nxd4 Nf6 6. Nc3 g6 7. Be2 Bg7 8. Be3 Bd7 9. 0-0 0-0 10. Rc1 Nxd4 11. Bxd4 Bc6 12. f3 Re8 13. Qd2 Qa5 14. Rfd1 Rac8 15. Kh1 b6 16. Rc2 h5 17. Rdc1 Kh7 18. Be3 Nd7 19. b3 Bb7 20. Nd5 Qxd2 21. Bxd2 Nc5 22. Bf1 Bh6 23. Bxh6 Kxh6 24. g3 Rcd8 25. Nc7 Rf8 26. Rd2 g5 27. Bh3 g4 28. Bg2 gxf3 29. Bxf3 Bxe4 30. Bxe4 Nxe4 31. Re2 Rd7 32. Nd5 f5 33. Rf1 Kg7 34. Nf4 Rh8 35. Ne6+ Kg6 36. Rxe4 fxe4 37. Nf8+ Rxf8 38. Rxf8 e5 39. Rf2 h4 40. Kg2 hxg3 41. hxg3 Kg5 42. Re2 Kf5 43. Re3 d5 44. cxd5 Rxd5 45. Re2 Rd3 46. Kh3 e3 47. Kh4 Ke4 48. g4 Kf3 49. Re1 Kf2 50. Rc1 e2 51. Rh1 Rd1 52. Rh2+ Kf3 53. Rh3+ Kf4 0-1

[Event "Olympiad Women-44"]
[Site "Chennai"]
[Date "2022.07.31"]
[Round "3.1"]
[White "Saraci, Ndriqona"]
[Black "Rosario Almanzar, Raydili"]
[Result "0-1"]
[WhiteElo "1425"]
[BlackElo "1882"]
[PlyCount "72"]
[EventDate "2022.07.29"]
[EventType "team-swiss"]
[EventRounds "11"]
[EventCountry "IND"]
[SourceTitle "CBM 210"]
[Source "ChessBase"]
[SourceDate "2022.10.31"]
[SourceVersion "1"]
[SourceVersionDate "2022.10.31"]
[SourceQuality "1"]
[WhiteTeam "Kosovo (W)"]
[BlackTeam "Dominican Republic (W)"]
[WhiteTeamCountry "KOS"]
[BlackTeamCountry "DOM"]

1. e4 c5 2. Nf3 e6 3. d4 cxd4 4. Nxd4 a6 5. Nc3 b5 6. a3 Bb7 7. Bd3 Qc7 8. 0-0 Nf6 9. f3 Bc5 10. Be3 Qb6 11. Nce2 e5 12. c3 exd4 13. cxd4 Be7 14. Qb3 0-0 15. Rac1 d6 16. Rc3 Nbd7 17. Rfc1 Rfc8 18. Qc2 Rxc3 19. Nxc3 Ne5 20. Kf2 Nxd3+ 21. Qxd3 Qd8 22. Ne2 Rc8 23. Rd1 Nd7 24. Kf1 Nb6 25. b3 f5 26. Nf4 fxe4 27. fxe4 Bg5 28. g3 Qe7 29. h4 Bxe4 30. Qd2 Rc2 31. Qe1 Bxf4 32. Bxf4 Qe6 33. Rd2 Qh3+ 34. Ke2 Qg4+ 35. Kf1 Qf3+ 36. Qf2 Rc1+ 0-1

[Event "Online Olym Div3 E"]
[Site "Chess.com INT"]
[Date "2020.08.07"]
[Round "3.2"]
[White "Real Pereyra, Diana Carime"]
[Black "Rosario Almanzar, Raydili"]
[Result "1-0"]
[WhiteElo "2042"]
[BlackElo "1774"]
[PlyCount "81"]
[EventDate "2020.08.07"]
[EventType "team-tourn (rapid)"]
[EventRounds "9"]
[EventCountry "USA"]
[SourceTitle "CBM 198"]
[Source "ChessBase"]
[SourceDate "2020.10.31"]
[SourceVersion "1"]
[SourceVersionDate "2020.10.31"]
[SourceQuality "1"]
[WhiteTeam "Mexico"]
[BlackTeam "Dominican Republic"]
[WhiteTeamCountry "MEX"]
[BlackTeamCountry "DOM"]

1. e4 c5 2. Nc3 d6 3. Nf3 Nf6 4. Bc4 Nc6 5. d4 cxd4 6. Nxd4 e6 7. Bb3 a6 8. Be3 Be7 9. 0-0 Qc7 10. f4 b5 11. e5 dxe5 12. Nxc6 Qxc6 13. fxe5 Bb7 14. Rf2 Ne4 15. Nxe4 Qxe4 16. Qh5 0-0 17. Qh3 Rad8 18. c3 Qxe5 19. Bc2 Be4 20. Bd4 Qd5 21. Bb3 Qg5 22. Bxe6 fxe6 23. Qxe6+ Kh8 24. Qxe4 Rxf2 25. Bxf2 Bf6 26. Re1 h6 27. Be3 Qh5 28. Bd4 Rf8 29. Bxf6 Rxf6 30. Qe8+ Qxe8 31. Rxe8+ Kh7 32. g3 Rd6 33. Re2 Rf6 34. Rf2 Rd6 35. Kf1 Rd1+ 36. Ke2 Rd6 37. Ke3 Kg6 38. Ke4 Rd1 39. Rc2 Kf6 40. b3 Ke6 41. c4 1-0

[Event "Online Olym Div3 E"]
[Site "Chess.com INT"]
[Date "2020.08.07"]
[Round "2.4"]
[White "Rosario Almanzar, Raydili"]
[Black "Herrera, Marjorie"]
[Result "0-1"]
[WhiteElo "1774"]
[BlackElo "1848"]
[PlyCount "102"]
[EventDate "2020.08.07"]
[EventType "team-tourn (rapid)"]
[EventRounds "9"]
[EventCountry "USA"]
[SourceTitle "CBM 198"]
[Source "ChessBase"]
[SourceDate "2020.10.31"]
[SourceVersion "1"]
[SourceVersionDate "2020.10.31"]
[SourceQuality "1"]
[WhiteTeam "Dominican Republic"]
[BlackTeam "El Salvador"]
[WhiteTeamCountry "DOM"]
[BlackTeamCountry "ESA"]

1. e4 c5 2. Nf3 d6 3. d4 cxd4 4. Nxd4 Nf6 5. Nc3 Nc6 6. Be2 e5 7. Nb3 Be7 8. 0-0 Be6 9. f4 0-0 10. f5 Bd7 11. Be3 a5 12. a4 Nb4 13. g4 Bc6 14. Bf3 d5 15. exd5 Nfxd5 16. Nxd5 Bxd5 17. Bxd5 Nxd5 18. Qe2 Qc7 19. c3 Rfe8 20. h3 h6 21. Rf2 Bh4 22. Rg2 Nf4 23. Bxf4 exf4 24. Qf3 Re3 25. Qf1 Rxh3 26. Nd4 Rg3 27. Rxg3 Bxg3 28. Rd1 Re8 29. Qd3 Re3 30. Qd2 Qe7 31. Nc2 Re2 32. Qd3 Qh4 33. Qxe2 Kh7 34. Qg2 Qxg4 35. Nd4 Qxd1+ 36. Qf1 Qxf1+ 37. Kxf1 g6 38. fxg6+ fxg6 39. Nb5 g5 40. Nd6 b6 41. Nc4 Kg6 42. Nxb6 g4 43. c4 f3 44. Nd5 Kf5 45. c5 Be5 46. c6 g3 47. Ne3+ Ke4 48. Nc2 h5 49. b4 axb4 50. a5 g2+ 51. Kf2 Bh2 0-1

[Event "La Vega op 3rd"]
[Site "La Vega"]
[Date "2019.08.20"]
[Round "1"]
[White "Mihajlov, Sebastian"]
[Black "Rosario Almanzar, Raydili"]
[Result "1-0"]
[WhiteElo "2380"]
[BlackElo "1768"]
[PlyCount "26"]
[EventDate "2019.08.20"]
[EventType "swiss"]
[EventRounds "9"]
[EventCountry "DOM"]
[SourceTitle "EXT 2020"]
[Source "ChessBase"]
[SourceDate "2019.10.17"]
[SourceVersion "1"]
[SourceVersionDate "2019.10.17"]
[SourceQuality "1"]

1. e4 e5 2. Nf3 Nc6 3. Bc4 Bc5 4. 0-0 d6 5. c3 Bg4 6. h3 Bh5 7. d4 exd4 8. cxd4 Bb6 9. Nc3 Nge7 10. Bf4 0-0 11. d5 Nb8 12. h4 Qc8 13. Nh2 h6 1-0

[Event "DOM-ch (Women)"]
[Site "Santo Domingo"]
[Date "2019.03.09"]
[Round "7"]
[White "Munoz Santana, Doribel"]
[Black "Rosario Almanzar, Raydili"]
[Result "0-1"]
[WhiteElo "1864"]
[BlackElo "1724"]
[PlyCount "88"]
[EventDate "2019.03.01"]
[EventType "swiss"]
[EventRounds "8"]
[EventCountry "DOM"]
[SourceTitle "CBM 189 Extra"]
[Source "ChessBase"]
[SourceDate "2019.06.03"]
[SourceVersion "1"]
[SourceVersionDate "2019.06.03"]
[SourceQuality "1"]

1. e4 e5 2. Nc3 Nf6 3. Bc4 Be7 4. Nf3 d6 5. h3 Nc6 6. d4 exd4 7. Nxd4 Ne5 8. Bb3 a6 9. a4 0-0 10. 0-0 Re8 11. Bg5 h6 12. Bh4 Ng6 13. Bg3 Bd7 14. Re1 Bf8 15. Qd2 Rb8 16. Bc4 Ne5 17. Bf1 Nc6 18. Nf5 Qc8 19. Nd4 Nxd4 20. Qxd4 Nh5 21. Bh2 Be7 22. Nd5 Nf6 23. Nxe7+ Rxe7 24. e5 dxe5 25. Bxe5 Qe8 26. f4 Bc6 27. Bd3 Rd8 28. Qf2 Qf8 29. Qg3 Nd5 30. Red1 Rde8 31. Bc4 Rxe5 32. fxe5 Qc5+ 33. Qf2 Qxc4 34. b3 Qf4 35. Re1 Rxe5 36. Rxe5 Qxe5 37. Re1 Qf4 38. Rf1 Qxf2+ 39. Rxf2 Ne3 40. g3 Kf8 41. a5 g6 42. b4 Nd5 43. c3 Nxc3 44. Kf1 Ne4 0-1

[Event "DOM-ch (Women)"]
[Site "Santo Domingo"]
[Date "2019.03.02"]
[Round "3"]
[White "Munoz Bonifacio, Elena Julia"]
[Black "Rosario Almanzar, Raydili"]
[Result "0-1"]
[WhiteElo "1245"]
[BlackElo "1724"]
[PlyCount "72"]
[EventDate "2019.03.01"]
[EventType "swiss"]
[EventRounds "8"]
[EventCountry "DOM"]
[SourceTitle "CBM 189 Extra"]
[Source "ChessBase"]
[SourceDate "2019.06.03"]
[SourceVersion "1"]
[SourceVersionDate "2019.06.03"]
[SourceQuality "1"]

1. e4 e5 2. Nf3 Nc6 3. Nc3 Nf6 4. Bc4 Be7 5. d4 exd4 6. Nxd4 Ne5 7. Be2 d6 8. Bf4 0-0 9. h3 Re8 10. 0-0 Ng6 11. Bg3 c6 12. Re1 Bf8 13. Bf3 Ne5 14. Be2 d5 15. Bf1 dxe4 16. Nxe4 Nxe4 17. Rxe4 Ng6 18. Qd3 Rxe4 19. Qxe4 Bd6 20. Bxd6 Qxd6 21. Re1 Bd7 22. Nf3 Re8 23. Qd3 Qxd3 24. Bxd3 Rxe1+ 25. Nxe1 Ne5 26. Be4 Be6 27. a3 Kf8 28. Kf1 Nc4 29. Ke2 Nxb2 30. Kd2 Nc4+ 31. Kc3 Nxa3 32. Nf3 f5 33. Bxc6 bxc6 34. Ne5 c5 35. Nc6 Bd5 36. Nxa7 Bxg2 0-1

[Event "DOM-ch (Women)"]
[Site "Santo Domingo"]
[Date "2019.03.01"]
[Round "1"]
[White "Martinez Jimenez, Manyeli"]
[Black "Rosario Almanzar, Raydili"]
[Result "0-1"]
[WhiteElo "1578"]
[BlackElo "1724"]
[PlyCount "60"]
[EventDate "2019.03.01"]
[EventType "swiss"]
[EventRounds "8"]
[EventCountry "DOM"]
[SourceTitle "CBM 189 Extra"]
[Source "ChessBase"]
[SourceDate "2019.06.03"]
[SourceVersion "1"]
[SourceVersionDate "2019.06.03"]
[SourceQuality "1"]

1. d4 Nf6 2. e3 d5 3. c4 e6 4. Nc3 c6 5. a3 Bd6 6. Be2 0-0 7. Nf3 Nbd7 8. Qc2 Re8 9. g3 Nf8 10. 0-0 Ng6 11. c5 Bc7 12. Bd3 Qe7 13. Ne2 e5 14. Bxg6 hxg6 15. b4 e4 16. Nh4 Bh3 17. Ng2 Qd7 18. Bd2 Nh7 19. f3 Ng5 20. f4 Nf3+ 21. Kh1 Qg4 22. Rf2 Kh7 23. Rb1 Rh8 24. a4 Kg8 25. Nh4 Nxh4 26. gxh4 Qxh4 27. Ng3 Bg4 28. Kg1 Bf3 29. Ne2 Qh3 30. Rxf3 exf3 0-1

[Event "Olympiad Women-43"]
[Site "Batumi"]
[Date "2018.10.01"]
[Round "7.46"]
[White "Rosario Almanzar, Raydili"]
[Black "Raharimanana, Faratiana"]
[Result "1/2-1/2"]
[WhiteElo "1755"]
[BlackElo "1660"]
[PlyCount "96"]
[EventDate "2018.09.24"]
[EventType "team-swiss"]
[EventRounds "11"]
[EventCountry "GEO"]
[SourceTitle "EXT 2020"]
[Source "ChessBase"]
[SourceDate "2019.10.17"]
[SourceVersion "1"]
[SourceVersionDate "2019.10.17"]
[SourceQuality "1"]
[WhiteTeam "Dominican Republic (W)"]
[BlackTeam "Madagascar (W)"]
[WhiteTeamCountry "DOM"]
[BlackTeamCountry "MAD"]

1. d4 d5 2. c4 c6 3. Nf3 Nf6 4. Nc3 e6 5. cxd5 exd5 6. Bf4 Bd6 7. Bxd6 Qxd6 8. Qc2 0-0 9. e3 Re8 10. Bd3 h6 11. h3 a6 12. 0-0 c5 13. dxc5 Qxc5 14. Rfd1 Qc6 15. Rac1 Kh8 16. b4 Qd6 17. b5 b6 18. e4 Qe6 19. Nxd5 Nxd5 20. exd5 Qd7 21. Ne5 Rxe5 22. Qxc8+ Re8 23. Qxd7 Nxd7 24. bxa6 Nc5 25. d6 Red8 26. Bb5 Nxa6 27. Bxa6 Rxa6 28. d7 Raa8 29. Rc6 Kg8 30. Rxb6 Rxa2 31. Rc6 Raa8 32. Kf1 Kf8 33. Rd3 Ke7 34. Rc7 Ra6 35. Rg3 g6 36. Re3+ Re6 37. Rxe6+ Kxe6 38. Ke2 Rxd7 39. Rxd7 Kxd7 40. Ke3 Ke7 41. Ke4 Ke6 42. g4 f6 43. f4 f5+ 44. gxf5+ gxf5+ 45. Kd4 Kd6 46. Kc4 Kc6 47. Kd4 Kd6 48. Kc4 Kc6 1/2-1/2

[Event "Olympiad Women-43"]
[Site "Batumi"]
[Date "2018.09.30"]
[Round "6.46"]
[White "Rosario Almanzar, Raydili"]
[Black "Makhlouf, Ahlam"]
[Result "1-0"]
[WhiteElo "1755"]
[BlackElo "1408"]
[PlyCount "65"]
[EventDate "2018.09.24"]
[EventType "team-swiss"]
[EventRounds "11"]
[EventCountry "GEO"]
[SourceTitle "EXT 2020"]
[Source "ChessBase"]
[SourceDate "2019.10.17"]
[SourceVersion "1"]
[SourceVersionDate "2019.10.17"]
[SourceQuality "1"]
[WhiteTeam "Dominican Republic (W)"]
[BlackTeam "Morocco (W)"]
[WhiteTeamCountry "DOM"]
[BlackTeamCountry "MAR"]

1. e4 e5 2. Nf3 Nc6 3. d4 exd4 4. Nxd4 Bc5 5. Be3 Qf6 6. c3 Nge7 7. Bb5 0-0 8. 0-0 a6 9. Ba4 Nxd4 10. cxd4 Bb6 11. Nc3 d6 12. Qd2 Qg6 13. f4 f5 14. e5 Be6 15. Rf3 Rad8 16. Qf2 h5 17. Qh4 Kf7 18. Rh3 Rh8 19. Bd1 dxe5 20. fxe5 Nd5 21. Nxd5 Bxd5 22. Bxh5 Rxh5 23. Qxh5 Be4 24. Qxg6+ Kxg6 25. Rc1 Bxd4 26. Rg3+ Kh7 27. Bxd4 Rxd4 28. Rxc7 Rd1+ 29. Kf2 Rd2+ 30. Ke3 Rxg2 31. Rcxg7+ Kh6 32. Rxg2 Bxg2 33. Rxg2 1-0

[Event "Olympiad Women-43"]
[Site "Batumi"]
[Date "2018.09.26"]
[Round "3.37"]
[White "Rosario Almanzar, Raydili"]
[Black "Reid, Caitlin"]
[Result "0-1"]
[WhiteElo "1755"]
[BlackElo "1488"]
[PlyCount "62"]
[EventDate "2018.09.24"]
[EventType "team-swiss"]
[EventRounds "11"]
[EventCountry "GEO"]
[SourceTitle "EXT 2020"]
[Source "ChessBase"]
[SourceDate "2019.10.17"]
[SourceVersion "1"]
[SourceVersionDate "2019.10.17"]
[SourceQuality "1"]
[WhiteTeam "Dominican Republic (W)"]
[BlackTeam "Scotland (W)"]
[WhiteTeamCountry "DOM"]
[BlackTeamCountry "SCO"]

1. e4 c5 2. Nf3 Nc6 3. d4 cxd4 4. Nxd4 Nf6 5. Nc3 g6 6. Be3 Bg7 7. f3 0-0 8. Qd2 Qb6 9. Ne6 Qxb2 10. Rb1 Qa3 11. Nxf8 Kxf8 12. Be2 e6 13. 0-0 b6 14. f4 d6 15. Rb3 Qa5 16. Qxd6+ Ne7 17. Bb5 Bb7 18. Ra3 Nxe4 19. Nxe4 Qxb5 20. Ng5 h6 21. Nf3 Ke8 22. Rb3 Qa4 23. Ra3 Qxc2 24. Rc1 Qe4 25. Rc7 Bf6 26. Qd7+ Kf8 27. Rxb7 Qb1+ 28. Kf2 Qb2+ 29. Kf1 Qxa3 30. Bd4 Bxd4 31. Qxd4 Qa6+ 0-1

[Event "Olympiad Women-43"]
[Site "Batumi"]
[Date "2018.09.25"]
[Round "2.62"]
[White "Saraci, Rinesa"]
[Black "Rosario Almanzar, Raydili"]
[Result "0-1"]
[WhiteElo "1138"]
[BlackElo "1755"]
[PlyCount "74"]
[EventDate "2018.09.24"]
[EventType "team-swiss"]
[EventRounds "11"]
[EventCountry "GEO"]
[SourceTitle "EXT 2020"]
[Source "ChessBase"]
[SourceDate "2019.10.17"]
[SourceVersion "1"]
[SourceVersionDate "2019.10.17"]
[SourceQuality "1"]
[WhiteTeam "Kosovo (W)"]
[BlackTeam "Dominican Republic (W)"]
[WhiteTeamCountry "KOS"]
[BlackTeamCountry "DOM"]

1. e4 e5 2. Nf3 Nc6 3. Bc4 Be7 4. d3 Nf6 5. 0-0 d6 6. h3 h6 7. Nc3 Be6 8. Bb3 Qd7 9. Be3 0-0-0 10. Qd2 g5 11. Bxe6 fxe6 12. d4 exd4 13. Nxd4 Rdg8 14. Nxc6 Qxc6 15. f3 Rh7 16. Rad1 Rhg7 17. Qd4 b6 18. e5 dxe5 19. Qxe5 h5 20. Ne4 Nxe4 21. Qxe4 Qxe4 22. fxe4 g4 23. hxg4 Rxg4 24. g3 Rxg3+ 25. Kf2 Rg2+ 26. Ke1 Rxc2 27. Rd2 Bb4 28. Kd1 Bxd2 29. Kxc2 Bxe3 30. Kd3 Bc5 31. Rf6 Kd7 32. Kc4 h4 33. Rh6 Be7 34. Kd4 Rh8 35. Rg6 h3 36. Rg1 Bc5+ 37. Kd3 Bxg1 0-1

[Event "DOM-ch (Women)"]
[Site "Santo Domingo"]
[Date "2018.03.16"]
[Round "5"]
[White "Santos Almonte, Carol"]
[Black "Rosario Almanzar, Raydili"]
[Result "1/2-1/2"]
[WhiteElo "1767"]
[BlackElo "1716"]
[PlyCount "23"]
[EventDate "2018.03.09"]
[EventType "swiss"]
[EventRounds "8"]
[EventCountry "DOM"]
[SourceTitle "CBM 183 Extra"]
[Source "ChessBase"]
[SourceDate "2018.04.19"]
[SourceVersion "1"]
[SourceVersionDate "2018.04.19"]
[SourceQuality "1"]

1. d4 d5 2. c4 e6 3. cxd5 exd5 4. Nc3 c6 5. Qc2 Bd6 6. e3 Nf6 7. Nf3 0-0 8. Bd3 Re8 9. 0-0 Qe7 10. a3 a5 11. Na4 Nbd7 12. Bd2 1/2-1/2

[Event "Santo Domingo Independencia op"]
[Site "Santo Domingo"]
[Date "2018.02.24"]
[Round "7"]
[White "Rosario Almanzar, Raydili"]
[Black "Camacho Campusano, David Daniel"]
[Result "0-1"]
[WhiteElo "1708"]
[BlackElo "2118"]
[PlyCount "82"]
[EventDate "2018.02.16"]
[EventType "swiss"]
[EventRounds "8"]
[EventCountry "DOM"]
[SourceTitle "CBM 187 Extra"]
[Source "ChessBase"]
[SourceDate "2018.11.04"]
[SourceVersion "1"]
[SourceVersionDate "2018.11.04"]
[SourceQuality "1"]

1. d4 Nf6 2. c4 g6 3. Nf3 Bg7 4. e3 0-0 5. Nc3 d6 6. Be2 Nbd7 7. 0-0 e5 8. dxe5 dxe5 9. Qc2 Re8 10. e4 c6 11. Rd1 Qc7 12. b3 Nc5 13. Bb2 Bg4 14. h3 Bxf3 15. Bxf3 Rad8 16. Rxd8 Rxd8 17. Rd1 Ne6 18. Ne2 Rxd1+ 19. Qxd1 Qd7 20. Qxd7 Nxd7 21. Nc3 Nd4 22. Be2 Nc5 23. f3 h5 24. Bf1 Bh6 25. Kf2 h4 26. b4 Nce6 27. b5 Bd2 28. Ne2 Nc2 29. Kg1 f6 30. Bc1 Bb4 31. bxc6 bxc6 32. Bb2 Kf7 33. Nc1 Bc5+ 34. Kh1 Ne3 35. Be2 Nf4 36. Nd3 Nxe2 37. Nxc5 Nxc4 38. Ba1 Ke7 39. Nd3 g5 40. Nb4 Kd6 41. Nc2 Kc5 0-1

[Event "DOM-chT"]
[Site "Santiago de los Caballeros"]
[Date "2017.08.18"]
[Round "3.4"]
[White "Rosario Almanzar, Raydili"]
[Black "Matias Galan, Milet"]
[Result "1-0"]
[WhiteElo "1738"]
[BlackElo "1728"]
[PlyCount "95"]
[EventDate "2017.08.17"]
[EventType "team-swiss"]
[EventRounds "6"]
[EventCountry "DOM"]
[SourceTitle "EXT 2019"]
[Source "ChessBase"]
[SourceDate "2018.10.10"]
[SourceVersion "1"]
[SourceVersionDate "2018.10.10"]
[SourceQuality "1"]
[WhiteTeam "Femenino"]
[BlackTeam "Valverde Mao"]
[WhiteTeamCountry "DOM"]
[BlackTeamCountry "DOM"]

1. e4 e6 2. d4 d5 3. e5 c5 4. c3 Nc6 5. Nf3 Qb6 6. Be2 Bd7 7. 0-0 cxd4 8. cxd4 Nge7 9. Nc3 Nf5 10. Na4 Qc7 11. Be3 Be7 12. Rc1 Rc8 13. Bd3 0-0 14. Qb3 Nxe3 15. fxe3 f6 16. Qc2 f5 17. Qf2 Qd8 18. Nc5 Bxc5 19. Rxc5 Ne7 20. Rfc1 Rxc5 21. Rxc5 f4 22. Qh4 h6 23. exf4 Qe8 24. Rc7 Nf5 25. Bxf5 Rxf5 26. Rxb7 Qc8 27. Rxa7 Qc1+ 28. Qe1 Qc8 29. Qc3 Qxc3 30. bxc3 Be8 31. g3 Bh5 32. Kf2 Rf8 33. h3 Rc8 34. g4 Bf7 35. Ra3 g6 36. Ke2 Rb8 37. Nd2 Kf8 38. Kd1 Be8 39. Kc1 Rb6 40. Nb3 Bb5 41. Ra8+ Be8 42. Nc5 Kf7 43. a4 h5 44. a5 Rc6 45. a6 hxg4 46. hxg4 Rb6 47. Rxe8 Kxe8 48. a7 1-0

[Event "Santo Domingo Duarte Memorial 6th"]
[Site "Santo Domingo"]
[Date "2017.01.29"]
[Round "4"]
[White "Lorenzo De Los Santos, Luis L"]
[Black "Rosario Almanzar, Raydili"]
[Result "1-0"]
[WhiteElo "2102"]
[BlackElo "1721"]
[PlyCount "63"]
[EventDate "2017.01.27"]
[EventType "swiss"]
[EventRounds "8"]
[EventCountry "DOM"]
[SourceTitle "CBM 176 Extra"]
[Source "ChessBase"]
[SourceDate "2017.03.02"]
[SourceVersion "1"]
[SourceVersionDate "2017.03.02"]
[SourceQuality "1"]

1. d4 Nf6 2. c4 e6 3. Nf3 Be7 4. g3 d5 5. Bg2 c6 6. 0-0 0-0 7. Nc3 b6 8. b3 Nbd7 9. Bb2 Ba6 10. Qd3 Rc8 11. e4 h6 12. Rfd1 Qc7 13. Rac1 Rfd8 14. Qb1 dxc4 15. bxc4 Bxc4 16. Nd2 Ba6 17. e5 Nh7 18. f4 Ndf8 19. Nde4 Qb8 20. Nf2 Bc4 21. f5 Bg5 22. g4 Bxc1 23. Bxc1 c5 24. Nce4 Rxd4 25. Rxd4 cxd4 26. Nd6 Rc7 27. Bf4 Nd7 28. f6 g5 29. Bg3 Be2 30. h3 Rc3 31. Nxf7 Rxg3 32. Qg6+ 1-0

[Event "Santo Domingo Autumn op"]
[Site "Santo Domingo"]
[Date "2016.10.07"]
[Round "7"]
[White "Brito Rondon, Enmanuel De Jesus"]
[Black "Rosario Almanzar, Raydili"]
[Result "1/2-1/2"]
[WhiteElo "2016"]
[BlackElo "1645"]
[PlyCount "40"]
[EventDate "2016.10.07"]
[EventType "swiss"]
[EventRounds "8"]
[EventCountry "DOM"]
[SourceTitle "CBM 175 Extra"]
[Source "ChessBase"]
[SourceDate "2016.12.12"]
[SourceVersion "1"]
[SourceVersionDate "2016.12.12"]
[SourceQuality "1"]

1. c4 Nf6 2. Nc3 e6 3. Nf3 Be7 4. d4 d5 5. cxd5 Nxd5 6. e3 0-0 7. Bd2 c6 8. Nxd5 exd5 9. Be2 Nd7 10. 0-0 Nf6 11. Bd3 h6 12. Ne5 Bd6 13. Bc3 Bxe5 14. dxe5 Ne4 15. Bxe4 dxe4 16. Qxd8 Rxd8 17. Rfd1 Be6 18. a3 Bb3 19. Rd4 c5 20. Rd6 Kf8 1/2-1/2

[Event "Santo Domingo Autumn op"]
[Site "Santo Domingo"]
[Date "2016.10.07"]
[Round "2"]
[White "Rosario Almanzar, Raydili"]
[Black "Diaz, Eugenio Daniel"]
[Result "0-1"]
[WhiteElo "1645"]
[BlackElo "1834"]
[PlyCount "65"]
[EventDate "2016.10.07"]
[EventType "swiss"]
[EventRounds "8"]
[EventCountry "DOM"]
[SourceTitle "CBM 175 Extra"]
[Source "ChessBase"]
[SourceDate "2016.12.12"]
[SourceVersion "1"]
[SourceVersionDate "2016.12.12"]
[SourceQuality "1"]

1. d4 e6 2. c4 d5 3. Nc3 Nf6 4. Bg5 c6 5. e3 Be7 6. Nf3 Nbd7 7. Qc2 b6 8. cxd5 cxd5 9. Bb5 a6 10. Bc6 Ra7 11. Rc1 0-0 12. 0-0 Rc7 13. Bxd7 Bxd7 14. Bf4 Rc8 15. Ne5 Bb5 16. Rfe1 Ne4 17. a3 Bxa3 18. bxa3 Nxc3 19. Kh1 Ne2 20. Qxc8 Qxc8 21. Rxc8 Rxc8 22. Bg3 Rc1 23. Rxc1 Nxc1 24. Nf3 Kf8 25. Bc7 Be2 26. Ne5 b5 27. Nd7+ Ke8 28. Nb8 b4 29. axb4 Bb5 30. Kg1 Nd3 31. Bd6 Kd8 32. f3 f6 33. f4 0-1

[Event "DOM-ch (Women)"]
[Site "Santo Domingo"]
[Date "2016.03.18"]
[Round "1"]
[White "Santos Almonte, Carol"]
[Black "Rosario Almanzar, Raydili"]
[Result "1/2-1/2"]
[WhiteElo "1788"]
[BlackElo "1657"]
[PlyCount "71"]
[EventDate "2016.03.18"]
[EventType "swiss"]
[EventRounds "8"]
[EventCountry "DOM"]
[SourceTitle "CBM 171 Extra"]
[Source "ChessBase"]
[SourceDate "2016.04.26"]
[SourceVersion "1"]
[SourceVersionDate "2016.04.26"]
[SourceQuality "1"]

1. d4 Nf6 2. c4 e6 3. Nf3 d5 4. e3 c6 5. Bd2 Be7 6. Bd3 Nbd7 7. 0-0 dxc4 8. Bxc4 Ne4 9. Nc3 Ndf6 10. Bd3 Nxd2 11. Qxd2 h6 12. a3 0-0 13. b4 a5 14. Rab1 axb4 15. axb4 b6 16. Rfc1 Bb7 17. Ne5 Bd6 18. f4 Bxe5 19. fxe5 Nd5 20. Nxd5 Qxd5 21. Be2 Ra2 22. Qe1 c5 23. Qf1 cxb4 24. Bf3 Qd7 25. Bxb7 Qxb7 26. Rxb4 Qe4 27. Qf3 Qxf3 28. gxf3 Re2 29. Rxb6 Ra8 30. d5 exd5 31. Rb4 Rxe3 32. f4 Kf8 33. Rb2 d4 34. Rd1 Rd8 35. Kf2 Ke7 36. Rbd2 1/2-1/2